01157nam a22003497a 450000500170000000800410001702000180005802000180007604000410009404100080013510000190014324501080016225000120027026000340028230000470031665000230036365000290038665000400041565000280045565000280048365000260051165000290053765000220056665000260058865000390061465000270065365000280068065000270070865000310073570000220076670000190078820250214081934.0250214t ||||| |||| 00| 0 spa d a9784431997979 a9784431997986 aCO-BoUCMcDavid MorenodDavid Moreno aeng1 aSumi, Akimasa 1 aAdaptation and mitigation strategies for climate changecAkimasa Sumi, Kensuke Fukushi and Ai Hiramatsu a1a. Ed  aTokyo, Japon bSpringerc2010 axviii, 336 Paginasbilustraciones a color 14aCambio climático14aAdaptación climática14aMitigación del cambio climático14aEstrategias ambientales14aResiliencia climática14aDesarrollo sostenible14aReducción de emisiones14aImpacto ambiental14aEnergías renovables14aConservación de la biodiversidad14aPolítica climática14aEficiencia energética14aAgricultura sostenible14aEconomía baja en carbono1 aFukushi, Kensuke 1 aHiramatsu, Ai